El impuesto predial : (Registro nro. 15462)
[ vista simple ]
| 000 -LEADER | |
|---|---|
| fixed length control field | 02244nam a22002657a 4500 |
| 003 - CONTROL NUMBER IDENTIFIER | |
| control field | OSt |
| 005 - DATE AND TIME OF LATEST TRANSACTION | |
| control field | 20210323111854.0 |
| 008 - FIXED-LENGTH DATA ELEMENTS--GENERAL INFORMATION | |
| fixed length control field | 210323s2011 ck ||||gr|||| 001 0dspa d |
| 020 ## - INTERNATIONAL STANDARD BOOK NUMBER | |
| International Standard Book Number | 9789589863749 |
| 040 ## - CATALOGING SOURCE | |
| Original cataloging agency | CO-JMCR |
| Transcribing agency | CO-JMCR |
| 041 0# - LANGUAGE CODE | |
| Language code of text/sound track or separate title | spa |
| 082 04 - DEWEY DECIMAL CLASSIFICATION NUMBER | |
| Classification number | 336.23 / |
| Item number | C172i |
| Edition number | 21 |
| 100 1# - MAIN ENTRY--PERSONAL NAME | |
| Personal name | Camacho Montoya, Álvaro, |
| Relator term | autor |
| 9 (RLIN) | 20058 |
| 245 13 - TITLE STATEMENT | |
| Title | El impuesto predial : |
| Remainder of title | análisis desde una perspectiva nacional : vinculo con el Catastro / |
| Statement of responsibility, etc. | Álvaro Camacho Montoya |
| 260 ## - PUBLICATION, DISTRIBUTION, ETC. | |
| Place of publication, distribution, etc. | Bogotá : |
| Name of publisher, distributor, etc. | Instituto Colombiano de Derecho Tributario, |
| Date of publication, distribution, etc. | 2011 |
| 300 ## - PHYSICAL DESCRIPTION | |
| Extent | 214 páginas ; |
| Dimensions | 24 cm. |
| 500 ## - GENERAL NOTE | |
| General note | Incluye notas a pie de páginas e índice alfabético. |
| 504 ## - BIBLIOGRAPHY, ETC. NOTE | |
| Bibliography, etc. note | Bibliografía: páginas 198-202 |
| 505 0# - FORMATTED CONTENTS NOTE | |
| Formatted contents note | Historia y concepto del Impuesto Predial -- Aspectos generales del Impuesto Predial -- Elementos del impuesto predial -- Vinculo entre el Impuesto Predial y el Catastro -- Aspectos específicos del Impuesto Predial -- Porcentaje ambiental de los gravámenes a la Propiedad inmueble -- Compensación del Impuesto Predial |
| 520 3# - SUMMARY, ETC. | |
| Summary, etc. | En Colombia existen alrededor de catorce millones de predios registrados en los catastros, lo que nos da una idea de la relevancia y el impacto del Impuesto Predial. Este gravamen causa, además, una especial sensibilidad en la población. Lo anterior se aprecia fácilmente cuando una norma incrementa las tarifas, o cuando el Catastro realiza su labor de actualización del valor de lo predios.<br/>En la obra se presenta un breve relato sobre los antecedentes históricos del Impuesto Predial y su evolución en el país, se analizan los diversos sistemas para su determinación (facturación, autoavalúo y mixto)y los elementos que componen el impuesto (sujetos pasivos, hecho generador, base gravable, tarifas, etc.) desde una perspectiva de la legislación nacional. También se presentan algunas reflexiones e inquietudes sobre la estructura del tributo en general y su futuro. Finalmente se incluye un anexo de las más importantes disposiciones del orden nocional de los últimos 20 años. |
| 650 14 - SUBJECT ADDED ENTRY--TOPICAL TERM | |
| Topical term or geographic name entry element | Impuesto Predial |
| Form subdivision | Historia |
| Geographic subdivision | Colombia |
| 9 (RLIN) | 36422 |
| 650 24 - SUBJECT ADDED ENTRY--TOPICAL TERM | |
| Topical term or geographic name entry element | Impuesto predial |
| Geographic subdivision | Colombia |
| 9 (RLIN) | 36423 |
| 650 24 - SUBJECT ADDED ENTRY--TOPICAL TERM | |
| Topical term or geographic name entry element | Impuestos inmobiliarios |
| Geographic subdivision | Colombia |
| 9 (RLIN) | 36424 |
| 942 ## - ADDED ENTRY ELEMENTS (KOHA) | |
| Source of classification or shelving scheme | Dewey Decimal Classification |
| Koha item type | Books |
| Withdrawn status | Lost status | Source of classification or shelving scheme | Damaged status | Not for loan | Collection code | Home library | Current library | Date acquired | Source of acquisition | Total Checkouts | Full call number | Barcode | Date last seen | Date last checked out | Copy number | Price effective from | Koha item type |
|---|---|---|---|---|---|---|---|---|---|---|---|---|---|---|---|---|---|
| Dewey Decimal Classification | Non-fiction | Biblioteca Pública José María del Castillo y Rada | Biblioteca Pública José María del Castillo y Rada | 10/02/2020 | Donación | 1 | 336.23 / C172i | 201810802 | 04/09/2025 | 04/08/2025 | Ej.1 | 03/23/2021 | Books |